| 000 | 00632nam a2200241Ia 4500 | ||
|---|---|---|---|
| 008 | 160803s9999 xx 000 0 und d | ||
| 020 | _a0 590132083 | ||
| 100 | _aPolacco, Patricia | ||
| 245 | _aMy rotten redheaded older brother / | ||
| 245 | _cPatricia Polacco. | ||
| 250 | _aTrumpet club special edition. | ||
| 260 | _aNew York : | ||
| 260 | _bScholastic Inc. | ||
| 260 | _c1994 | ||
| 300 | _a32 unnumbered pages : | ||
| 300 | _bcolor illustrations ; | ||
| 300 | _c28 cm | ||
| 650 | _aBrothers and sisters -- | ||
| 650 | _aSibling rivalry -- | ||
| 650 | _xFiction. | ||
| 650 | _xFiction. | ||
| 700 | _a480 | ||
| 999 |
_c299290 _d299290 |
||